España : luz y poesía / (Record no. 197701)
[ view plain ]
| 000 -LEADER | |
|---|---|
| campo de control de longitud fija | 01245nam a2200289 i 4500 |
| 001 - NÚMERO DE CONTROL | |
| campo de control | 197701 |
| 003 - IDENTIFICADOR DE NÚMERO DE CONTROL | |
| campo de control | SpMaBN |
| 005 - FECHA Y HORA DE LA ÚLTIMA TRANSACCIÓN | |
| campo de control | 20250827063236.0 |
| 008 - DATOS DE LONGITUD FIJA--INFORMACIÓN GENERAL | |
| campo de control de longitud fija | 250315s2024 sp |||||| 000 | spa| |
| 040 ## - FUENTE DE CATALOGACIÓN | |
| Centro catalogador/agencia de origen | SpMaBN |
| Lengua de catalogación | spa |
| Centro/agencia transcriptor | SpMaBN |
| Normas de descripción | rda |
| 100 1# - ENTRADA PRINCIPAL--NOMBRE DE PERSONA | |
| Nombre de persona | Manso, Fernando, |
| Fechas asociadas al nombre | 1961- |
| Término indicativo de función/relación | Fotógrafo |
| 9 (RLIN) | 242072 |
| 245 10 - MENCIÓN DEL TÍTULO | |
| Título | España : luz y poesía / |
| Mención de responsabilidad, etc. | Sociedad de los 100 Bibliófilos, fotografías de Fernando Manso. |
| 260 ## - PUBLICACIÓN, DISTRIBUCIÓN, ETC. | |
| Lugar de publicación, distribución, etc. | Madrid |
| Nombre del editor, distribuidor, etc. | Sociedad de los 100 Bibliófilos, |
| Fecha de publicación, distribución, etc. | 2025. |
| 300 ## - DESCRIPCIÓN FÍSICA | |
| Extensión | 56 páginas ; |
| Dimensiones | 30 cm. |
| 336 ## - TIPO DE CONTENIDO | |
| Término de tipo de contenido | texto |
| Fuente | rdacontent |
| 337 ## - TIPO DE MEDIO | |
| Nombre/término del tipo de medio | sin mediación |
| Fuente | rdamedia |
| 338 ## - TIPO DE SOPORTE | |
| Nombre/término del tipo de soporte | volumen |
| Fuente | rdacarrier |
| 500 ## - NOTA GENERAL | |
| Nota general | Edición numerada y firmada de cien ejemplares. |
| 655 #7 - TERMINO DE INDIZACIÓN--GENERO/FORMA | |
| Fuente del término | tgfbne |
| 9 (RLIN) | 176539 |
| Datos o término principal de género/forma | Poesías |
| 655 #7 - TERMINO DE INDIZACIÓN--GENERO/FORMA | |
| Fuente del término | tgfbne |
| 9 (RLIN) | 193653 |
| Datos o término principal de género/forma | Libros ilustrados |
| 852 ## - LOCALIZACIÓN | |
| Ubicación | ES-MaACL |
| Ubicación en estantería | Depósito J |
| Número de control de estantería | N-10561 |
| Encuadernación | Encuadernación en pliegos guardados en una carpeta |
| Nota libre | Contiene una nota para Ana sobre la donación de este ejemplar |
| itemnumber | 206684 |
| Anotaciones manuscritas | Ejemplar número 30 para el socio Ateneo de Madrid |
| 914 ## - NOMBRE ENTIDAD DE DONANTE | |
| Nombre de congreso/reunión o jurisdicción como elemento de entrada | Sociedad de los 100 Bibliófilos |
| Unidad subordinada | Donante |
| 942 ## - ELEMENTOS DE ENTRADA SECUNDARIOS (KOHA) | |
| Tipo de ítem Koha | Carpeta |
| Suprimir en OPAC | No |
| Estatus retirado | Estado de pérdida | Fuente del sistema de clasificación o colocación | Estado de daño | No para préstamo | Biblioteca de origen | Biblioteca actual | Ubicación en estantería | Fecha de adquisición | Fuente de adquisición | Total de préstamos | Signatura topográfica completa | Código de barras | Visto por última vez | Precio de reemplazo | Tipo de ítem Koha |
|---|---|---|---|---|---|---|---|---|---|---|---|---|---|---|---|
| Clasificación decimal universal | Biblioteca del Ateneo de Madrid | Biblioteca del Ateneo de Madrid | Depósito J | 25/08/2025 | Donación | N-10561 | 2025-1060 | 25/08/2025 | 25/08/2025 | Carpeta |
